Normal view
MARC view
- Ujjwal. P.S
Entry Personal Name
001 - CONTROL NUMBER
- control field: 1028
003 - CONTROL NUMBER IDENTIFIER
- control field: OSt
005 - DATE AND TIME OF LATEST TRANSACTION
- control field: 20160719124834.0
008 - FIXED-LENGTH DATA ELEMENTS
- fixed length control field: 160719|| aca||aabn | a|a d
040 ## - CATALOGING SOURCE
- Original cataloging agency: OSt
- Transcribing agency: OSt
100 ## - HEADING--PERSONAL NAME
- Personal name: Ujjwal. P.S
670 ## - SOURCE DATA FOUND
- Source citation: Work cat.: (OSt)14226: Ujjwal. P.S Sweta Singh Singh .B.R, Question Bank on Agricultural Process Engineering. (First Edition), 2014
